[Event "Tournoi francophone 019"]
[Site "Skype"]
[Date "????.??.??"]
[Round "6.7"]
[White "Sahrane, Juba"]
[Black "Abdulrazzaq, Mohsen"]
[Result "0-1"]
[WhiteElo "1514"]
[BlackElo "1346"]
[PlyCount "54"]

1. e4 c5 2. Nf3 Nc6 3. d4 cxd4 4. Nxd4 d6 5. Nxc6 bxc6 6. Bc4 e6 7. Nc3 d5 8.
exd5 cxd5 9. Bb3 Nf6 10. Qe2 Bb7 11. Bg5 Bb4 12. O-O O-O 13. Rad1 Bxc3 14. bxc3
a5 15. Qd2 a4 16. Bxa4 Rxa4 17. Rb1 Qc7 18. Rb2 Ne4 19. Qf4 Qxf4 20. Bxf4 Ba6
21. Rfb1 h6 22. Be5 f6 23. Bd4 e5 24. f3 Nd2 25. Rd1 Nc4 26. Rb4 Rxb4 27. Bc5
Rb2 0-1

[Event "Tournoi francophone 019"]
[Site "Skype"]
[Date "????.??.??"]
[Round "6.8"]
[White "Nicolini, Francesco"]
[Black "Khabou, Taha"]
[Result "0-1"]
[WhiteElo "1165"]
[BlackElo "1358"]
[PlyCount "74"]

1. e4 e6 2. d4 d5 3. exd5 exd5 4. Bd3 Nf6 5. Nf3 Bd6 6. O-O O-O 7. Nc3 Bg4 8.
Bg5 c6 9. Be2 Nbd7 10. Nd2 Bf5 11. Bf3 Qc7 12. g3 Rfe8 13. Ne2 h6 14. Bf4 Re6
15. Bxd6 Qxd6 16. Nf4 Re7 17. Re1 Rae8 18. Rxe7 Rxe7 19. Qf1 Bxc2 20. h3 Ne4
21. Nxe4 Bxe4 22. Bg2 Bxg2 23. Kxg2 Re4 24. Re1 Rxd4 25. Re2 Nf6 26. f3 g5 27.
Qf2 Qb4 28. a3 Qb6 29. Ne6 fxe6 30. Rxe6 Kf7 31. Qe2 Qd8 32. b3 Qd7 33. Re3 Qd6
34. Qb2 Qc5 35. Rc3 Qb6 36. Rc1 Rd3 37. Re1 Qd4 0-1

[Event "Tournoi francophone 019"]
[Site "Skype"]
[Date "????.??.??"]
[Round "6.10"]
[White "Sequeda Pimiento, Javier Ricardo"]
[Black "L'Herbon De Lussats, Jean"]
[Result "0-1"]
[WhiteElo "1395"]
[BlackElo "1233"]
[PlyCount "94"]

1. e4 c5 2. Nf3 d6 3. d4 cxd4 4. Nxd4 Nf6 5. Bg5 Nbd7 6. Nc3 a6 7. Nf5 b5 8.
Bxf6 Nxf6 9. e5 Bxf5 10. exf6 exf6 11. Be2 Be7 12. O-O O-O 13. Re1 Rc8 14. Bd3
Be6 15. Be4 Rc5 16. a4 f5 17. Bd5 Qd7 18. Bxe6 fxe6 19. axb5 axb5 20. Qe2 e5
21. Ra5 b4 22. Rxc5 dxc5 23. Qc4+ Rf7 24. Nd5 e4 25. Nxe7+ Qxe7 26. f3 e3 27.
Qf4 e2 28. Kf2 g5 29. Qc4 g4 30. Rxe2 Qh4+ 31. Kg1 f4 32. fxg4 Qxg4 33. Re8+
Kg7 34. Qd3 f3 35. Qf1 f2+ 36. Kh1 Qd7 37. Re4 Qd2 38. Rg4+ Kf8 39. h3 Qxc2 40.
Kh2 Qxb2 41. Rc4 Qe5+ 42. g3 Rf3 43. Rf4+ Rxf4 44. gxf4 Qxf4+ 45. Kg2 c4 46. h4
c3 47. h5 c2 0-1

[Event "Tournoi francophone 019"]
[Site "Skype"]
[Date "????.??.??"]
[Round "6.12"]
[White "Le Brun, Yves"]
[Black "Busto, Ricardo"]
[Result "0-1"]
[WhiteElo "1321"]
[BlackElo "1194"]
[PlyCount "74"]

1. d4 Nf6 2. Bf4 g6 3. Nc3 Bg7 4. e4 d6 5. Be2 O-O 6. h3 Nbd7 7. Qd2 Re8 8. g4
e5 9. dxe5 dxe5 10. Bh6 Bh8 11. O-O-O Qe7 12. f3 a6 13. Nd5 Nxd5 14. exd5 b5
15. d6 cxd6 16. Qxd6 Qxd6 17. Rxd6 Re6 18. Rxe6 fxe6 19. Be3 Bb7 20. Bd3 Rf8
21. Be4 Bd5 22. Bxd5 exd5 23. Rh2 Rc8 24. Rd2 d4 25. Bg5 Nb6 26. Ne2 Nc4 27.
Rd3 a5 28. Bd2 a4 29. Bb4 Bg7 30. a3 Bh6+ 31. f4 exf4 32. g5 f3 33. Nxd4 Bxg5+
34. Kd1 f2 35. Rf3 Be3 36. Rf8+ Rxf8 37. Bxf8 f1=Q# 0-1

[Event "Tournoi francophone 019"]
[Site "Skype"]
[Date "????.??.??"]
[Round "6.13"]
[White "Blanchard, Colette"]
[Black "Duthoit, Bernard"]
[Result "0-1"]
[WhiteElo "1204"]
[BlackElo "1320"]
[PlyCount "42"]

1. d4 e5 2. c3 e4 3. e3 d5 4. Ne2 Nf6 5. Nf4 c5 6. Be2 Nc6 7. O-O Bd6 8. Nh5
Nxh5 9. Bxh5 Qg5 10. Be2 Bh3 11. g3 Bxf1 12. Qxf1 Ne7 13. c4 b6 14. b3 Ng6 15.
Kh1 Be7 16. Nc3 cxd4 17. exd4 Qf6 18. Nxd5 Qxd4 19. Bb2 Qxb2 20. Bg4 O-O 21.
Nb4 Bxb4 0-1

[Event "Tournoi francophone 019"]
[Site "Skype"]
[Date "????.??.??"]
[Round "6.14"]
[White "Vello, Pablo"]
[Black "Prieto Umba, Jairo Ovidio"]
[Result "1-0"]
[WhiteElo "1190"]
[BlackElo "1317"]
[PlyCount "73"]

1. d4 d5 2. Nc3 Nf6 3. Bf4 e6 4. e3 a6 5. g4 Be7 6. Qf3 O-O 7. h4 Bd6 8. g5
Nfd7 9. Bd3 f6 10. Bxh7+ Kf7 11. Qh5+ Ke7 12. Qg6 f5 13. Qxg7+ Rf7 14. Qh6 Bxf4
15. exf4 Kd6 16. Nf3 Nf8 17. g6 Rf6 18. Ne5 Qe7 19. h5 Bd7 20. Qg5 Nxh7 21.
gxh7 Nc6 22. O-O-O Rh8 23. Ng6 Qg7 24. Nxh8 Qxh8 25. Qg8 Rf8 26. Qxh8 Rxh8 27.
Ne2 Rxh7 28. h6 Be8 29. Rdg1 Ne7 30. Rg7 Rh8 31. Ng1 Ng8 32. h7 Ne7 33. Nf3 Bg6
34. Ne5 Rxh7 35. Rhxh7 Bxh7 36. Rxh7 Nc6 37. Rd7# 1-0

[Event "Tournoi francophone 019"]
[Site "Skype"]
[Date "????.??.??"]
[Round "6.15"]
[White "Ortis, Yves"]
[Black "Bucherie, Volcy"]
[Result "0-1"]
[WhiteElo "1147"]
[BlackElo "1264"]
[PlyCount "54"]

1. f4 Nf6 2. d3 g6 3. Nf3 Bg7 4. e4 O-O 5. h3 b6 6. Nc3 Bb7 7. Bd2 d6 8. g4 c5
9. Bg2 Nc6 10. Be3 e5 11. f5 Nd4 12. fxg6 hxg6 13. Qd2 Nxf3+ 14. Bxf3 Ne8 15.
Bg5 f6 16. h4 fxg5 17. hxg5 Rxf3 18. Qh2 Re3+ 19. Kd2 Rf3 20. Qh7+ Kf7 21. Rh6
Qxg5+ 22. Ke1 Re3+ 23. Ne2 Qxh6 24. Qxh6 Bxh6 25. Kf2 Nf6 26. Rc1 Nxg4+ 27. Kg2
Rxe2+ 0-1

[Event "Tournoi francophone 019"]
[Site "Skype"]
[Date "????.??.??"]
[Round "6.16"]
[White "De Coninck, Philippe"]
[Black "Montilla Bejarano, Mey"]
[Result "1-0"]
[WhiteElo "1290"]
[BlackElo "1088"]
[PlyCount "99"]

1. e4 d5 2. exd5 Qxd5 3. Nc3 Qa5 4. d4 Nf6 5. Nf3 Bg4 6. h3 Bh5 7. Bd2 c6 8. g4
Bg6 9. Bc4 h6 10. Nd5 Qd8 11. Nxf6+ exf6 12. Qe2+ Qe7 13. O-O-O Nd7 14. Qxe7+
Bxe7 15. Rhe1 Kd8 16. Re2 Re8 17. Rde1 a5 18. d5 cxd5 19. Bxd5 Ra7 20. Be3 Ra6
21. Bxb7 Re6 22. Nd4 Rxe3 23. Rxe3 Ne5 24. f4 Kc7 25. fxe5 Kxb7 26. exf6 Bxf6
27. Rb3+ Kc7 28. Rxe8 Bxd4 29. Kd2 f5 30. gxf5 Bxe8 31. Kd3 Bf6 32. Ke4 Ba4 33.
Re3 Bxc2+ 34. Kd5 Bxf5 35. b3 Bd7 36. Kc5 Bg5 37. Rd3 Be7+ 38. Kc4 g5 39. Re3
Kd6 40. a3 h5 41. b4 g4 42. hxg4 hxg4 43. b5 Bh4 44. b6 g3 45. b7 Kc7 46. Re2
Kxb7 47. Rb2+ Kc7 48. Kc5 Bc6 49. Rd2 g2 50. Rxg2 1-0

[Event "Tournoi francophone 019"]
[Site "Skype"]
[Date "????.??.??"]
[Round "6.17"]
[White "Rodriguez Tovar, Liliana"]
[Black "Moumtaz, Abderrahim"]
[Result "1/2-1/2"]
[WhiteElo "1204"]
[BlackElo "1279"]
[PlyCount "80"]

1. Nf3 Nf6 2. b3 d5 3. Bb2 Nc6 4. d4 e6 5. e3 Bd6 6. Be2 O-O 7. c4 dxc4 8. bxc4
Bb4+ 9. Nbd2 Ne4 10. O-O Nxd2 11. Nxd2 Re8 12. a3 Be7 13. Nf3 Bf6 14. Qc2 Ne7
15. Rad1 c6 16. e4 Ng6 17. Rfe1 Bd7 18. d5 Bxb2 19. Qxb2 cxd5 20. cxd5 exd5 21.
exd5 b6 22. Bb5 Rxe1+ 23. Rxe1 Bf5 24. Bc6 Bd7 25. Bxa8 Qxa8 26. Qd4 Qd8 27.
Ne5 Be6 28. d6 Nf8 29. Nc6 Qd7 30. Ne7+ Kh8 31. f3 h6 32. g4 Nh7 33. Nf5 Nf6
34. Rc1 Bxf5 35. gxf5 Qxf5 36. f4 Qg4+ 37. Kh1 Qf3+ 38. Kg1 Qg4+ 39. Kh1 Qf3+
40. Kg1 Qg4+ 1/2-1/2

[Event "Tournoi francophone 019"]
[Site "Skype"]
[Date "????.??.??"]
[Round "6.18"]
[White "Sauvaget, Joel"]
[Black "Trivedi, Viral"]
[Result "0-1"]
[WhiteElo "1255"]
[BlackElo "1202"]
[PlyCount "60"]

1. e4 e6 2. d4 d5 3. exd5 exd5 4. c3 Nc6 5. Nf3 Bd6 6. Be2 Nge7 7. O-O Bg4 8.
h3 Bh5 9. Nbd2 Qd7 10. Re1 f6 11. Nf1 O-O-O 12. N3h2 Bxe2 13. Rxe2 h5 14. Nf3
g5 15. N3h2 g4 16. h4 f5 17. g3 Ng6 18. Bg5 Rdf8 19. Qd2 f4 20. gxf4 Bxf4 21.
Bxf4 Nxf4 22. Re3 Nh3+ 23. Rxh3 gxh3 24. Ng3 Rhg8 25. Nhf1 Qg4 26. Kh2 Qxh4 27.
Re1 Qg4 28. Ne3 Qf3 29. Nef5 Rxf5 30. Nxf5 Qg2# 0-1

[Event "Tournoi francophone 019"]
[Site "Skype"]
[Date "????.??.??"]
[Round "6.19"]
[White "Rivalta, Paolo"]
[Black "Rodriguez, Nathalie"]
[Result "0-1"]
[WhiteElo "1143"]
[BlackElo "1224"]
[PlyCount "148"]

1. e4 e5 2. Nf3 Nc6 3. Nc3 Nf6 4. Bc4 h6 5. d3 d6 6. O-O Be7 7. b3 Be6 8. Bb5
O-O 9. Bxc6 bxc6 10. Bb2 d5 11. exd5 Nxd5 12. Nxe5 Qd6 13. Re1 Bf6 14. d4 Be7
15. a4 f6 16. Nf3 Nf4 17. Bc1 Nd5 18. Ne4 Qd7 19. Qe2 Bb4 20. Bd2 Bxd2 21.
Nexd2 Rae8 22. Ne4 Bf5 23. h3 Bxe4 24. c4 Nf4 25. Qe3 Qf5 26. Nh4 Qg5 27. Qg3
Qxg3 28. fxg3 Nd3 29. Re3 Nb4 30. Rc3 Re7 31. Re1 Rfe8 32. c5 g5 33. Nf3 Bxf3
34. Rxe7 Rxe7 35. gxf3 Re1+ 36. Kf2 Rd1 37. Re3 Rxd4 38. Re8+ Kf7 39. Rc8 Rd7
40. Rb8 Nd3+ 41. Ke3 Nxc5 42. b4 Nxa4 43. Ra8 Nb2 44. Rxa7 Ke6 45. Ra6 Kd5 46.
Ra2 Nc4+ 47. Kd3 Ne5+ 48. Ke3 Kc4 49. f4 Rd3+ 50. Kf2 gxf4 51. gxf4 Rf3+ 52.
Kg2 Rxf4 53. Ra4 Kd5 54. Kg3 Rf3+ 55. Kg2 Kc4 56. Ra5 Rb3 57. Ra7 Kxb4 58. Rxc7
f5 59. Rh7 f4 60. Rxh6 f3+ 61. Kf2 Rb2+ 62. Kg3 f2 63. Rh4+ Kb3 64. Rf4 Nd3 65.
Rf3 Rd2 66. h4 Kc2 67. h5 Ne5 68. Rxf2 Rxf2 69. Kxf2 c5 70. h6 Ng6 71. Kg3 c4
72. h7 c3 73. Kg4 Kd2 74. Kg5 Nh8 0-1

[Event "Tournoi francophone 019"]
[Site "Skype"]
[Date "????.??.??"]
[Round "6.20"]
[White "De Fazio, Monica"]
[Black "Cengiz, Ali Ekber"]
[Result "0-1"]
[WhiteElo "1020"]
[BlackElo "1266"]
[PlyCount "82"]

1. d4 d5 2. c4 e6 3. Nc3 c6 4. Nf3 Nf6 5. g3 Be7 6. Bg2 Nbd7 7. b3 O-O 8. O-O
Nb6 9. Ne5 dxc4 10. bxc4 Nxc4 11. Nxc4 Bb4 12. Bb2 Bxc3 13. Bxc3 Re8 14. Ne5
Qc7 15. Qc2 g6 16. Nd3 Nh5 17. f4 f5 18. Rae1 Nf6 19. e4 Qd8 20. d5 exd5 21.
Bxf6 Qxf6 22. e5 Qg7 23. Re2 Be6 24. Nc5 Rad8 25. Nxe6 Rxe6 26. Qc5 b6 27. Qa3
a5 28. Qe3 Qa7 29. Rb1 Rb8 30. Reb2 Qc7 31. Qc3 b5 32. Bxd5 Qa7+ 33. Kg2 cxd5
34. Rxb5 Rxb5 35. Rxb5 Qa8 36. Rxa5 Ra6 37. Rxa6 Qxa6 38. Qd2 Qa8 39. Kh3 Kf7
40. Kh4 Ke6 41. h3 Qd8# 0-1

[Event "Tournoi francophone 019"]
[Site "Skype"]
[Date "????.??.??"]
[Round "6.21"]
[White "Le Bouill, Pierre"]
[Black "Colangelo, Michele"]
[Result "1-0"]
[WhiteElo "1223"]
[BlackElo "1108"]
[PlyCount "49"]

1. d4 d5 2. Nf3 Nf6 3. Bf4 h6 4. e3 a6 5. Be2 e6 6. c3 Bd6 7. Be5 Bxe5 8. Nxe5
Nbd7 9. Nd2 Nxe5 10. dxe5 Nd7 11. Nf3 O-O 12. O-O c6 13. Bd3 Qc7 14. Bc2 Nxe5
15. Nxe5 Qxe5 16. f4 Qxe3+ 17. Kh1 Qb6 18. Qd3 f5 19. b3 Qc7 20. Rae1 Re8 21.
Qg3 Kh8 22. Bxf5 Bd7 23. Bd3 Rf8 24. Qg6 e5 25. Qh7# 1-0

[Event "Tournoi francophone 019"]
[Site "Skype"]
[Date "????.??.??"]
[Round "6.22"]
[White "Ibanez, Bittor"]
[Black "Milanese, Serge"]
[Result "0-1"]
[WhiteElo "1047"]
[BlackElo "1202"]
[PlyCount "26"]

1. e4 e5 2. Nf3 Nc6 3. Bc4 Bc5 4. O-O Nf6 5. d4 Nxd4 6. Nxe5 O-O 7. c3 Ne6 8.
b4 Bb6 9. a4 d6 10. a5 Bxf2+ 11. Kxf2 dxe5 12. Qxd8 Nxd8 13. Bg5 Nxe4+ 0-1

[Event "Tournoi francophone 019"]
[Site "Skype"]
[Date "????.??.??"]
[Round "6.23"]
[White "Abate, Luigi"]
[Black "Radice, Marco"]
[Result "0-1"]
[WhiteElo "1066"]
[BlackElo "1198"]
[PlyCount "122"]

1. d4 Nf6 2. Bf4 e6 3. e3 Be7 4. Nf3 b6 5. Nbd2 Bb7 6. Bd3 Na6 7. O-O O-O 8. a3
c5 9. Re1 cxd4 10. exd4 Nc7 11. c4 Rc8 12. Qa4 a5 13. c5 bxc5 14. Qxa5 cxd4 15.
Rac1 Nfd5 16. Bg3 Bf6 17. Nb3 Bc6 18. Nbxd4 Ra8 19. Bxc7 Nxc7 20. Qd2 Nd5 21.
Nxc6 dxc6 22. Rxc6 Ne7 23. Rc4 Rb8 24. b4 Ra8 25. Qc2 Rxa3 26. Bxh7+ Kh8 27.
Be4 Qb6 28. Rd1 g6 29. Rd7 Kg7 30. Qc1 Ra1 31. Bb1 Nd5 32. Ng5 Bxg5 33. Qxg5
Rxb1+ 34. Rc1 Qxb4 35. g3 Rxc1+ 36. Qxc1 Nc3 37. Qd2 Qb1+ 38. Kg2 Qe4+ 39. Kg1
Ne2+ 40. Kf1 Rh8 41. Qxe2 Qxe2+ 42. Kxe2 Rxh2 43. Ke3 g5 44. g4 Kg6 45. f3 Rh3
46. Ke4 f5+ 47. gxf5+ exf5+ 48. Ke5 Rxf3 49. Rd6+ Kh5 50. Rd8 Kg4 51. Kf6 f4
52. Rg8 Kh4 53. Rxg5 Re3 54. Kf5 f3 55. Rg4+ Kh3 56. Kf4 f2 57. Kxe3 f1=Q 58.
Rf4 Qc1+ 59. Ke4 Kg3 60. Rf3+ Kg4 61. Rf8 Qc6+ 0-1

[Event "Tournoi francophone 019"]
[Site "Skype"]
[Date "????.??.??"]
[Round "6.24"]
[White "Malbec, Robert"]
[Black "Lecluyse, Koenraad"]
[Result "1/2-1/2"]
[WhiteElo "1174"]
[BlackElo "1096"]
[PlyCount "110"]

1. e4 e5 2. Nf3 Nc6 3. Bc4 Nf6 4. d3 h6 5. Nbd2 Be7 6. a3 O-O 7. b4 a6 8. Bb2
d5 9. exd5 Nxd5 10. Nxe5 Nxe5 11. Bxe5 c6 12. h3 Bh4 13. Nf3 Bg5 14. O-O Nc3
15. Qe1 b5 16. Qxc3 Re8 17. Bxg7 bxc4 18. Bh8 f6 19. Nxg5 hxg5 20. Bxf6 Qd6 21.
Bxg5 Kf7 22. Qxc4+ Be6 23. Qf4+ Qxf4 24. Bxf4 Rg8 25. Bg3 Rg6 26. f4 Bd5 27.
Kf2 Re8 28. Rae1 Rge6 29. f5 Rf6 30. Be5 Rxf5+ 31. Kg1 Rexe5 32. Rxf5+ Rxf5 33.
Rf1 Ke6 34. Rxf5 Kxf5 35. g3 Kf6 36. Kf2 Kg5 37. h4+ Kg4 38. c3 Bb3 39. Ke3
Kxg3 40. Kd4 Kxh4 41. Kc5 Kg4 42. d4 Kf4 43. Kb6 Ke4 44. Kc5 Bd5 45. c4 Be6 46.
d5 cxd5 47. cxd5 Bxd5 48. a4 Bb3 49. a5 Bd5 50. Kb6 Bc4 51. Kc5 Kd3 52. Kb6 Kd4
53. Kc6 Kc3 54. Kc5 Kb3 55. b5 Bxb5 1/2-1/2

[Event "Tournoi francophone 019"]
[Site "Skype"]
[Date "????.??.??"]
[Round "6.25"]
[White "Gerbaux, Regis"]
[Black "Yepez, German"]
[Result "0-1"]
[WhiteElo "1024"]
[BlackElo "1171"]
[PlyCount "86"]

1. c4 Nf6 2. g3 e5 3. Bg2 d6 4. Nc3 Be7 5. e3 O-O 6. Nge2 Nbd7 7. d4 exd4 8.
exd4 c6 9. d5 c5 10. O-O Nb6 11. b3 Bd7 12. Re1 Ne8 13. Nf4 Bf6 14. Bb2 g6 15.
Rb1 Ng7 16. Ne4 Be7 17. Qf3 h5 18. Nd3 Bg4 19. Qf4 g5 20. Qe3 Nf5 21. Qd2 h4
22. h3 hxg3 23. hxg4 gxf2+ 24. Qxf2 Nh6 25. Nf6+ Bxf6 26. Bxf6 Nxg4 27. Bxd8
Nxf2 28. Kxf2 Raxd8 29. Rh1 Kg7 30. Be4 f5 31. Bf3 g4 32. Rbg1 Nd7 33. Nf4 Ne5
34. Be2 Kf6 35. Kg3 Rg8 36. Rf1 Rde8 37. Rh6+ Ng6 38. Bxg4 fxg4 39. Ng2+ Kg5
40. Rh7 Rh8 41. Rff7 Ref8 42. Rxf8 Rxh7 43. Nf4 Nxf8 0-1

[Event "Tournoi francophone 019"]
[Site "Skype"]
[Date "????.??.??"]
[Round "6.26"]
[White "Soubrier, Laure"]
[Black "Esformes, Jacques"]
[Result "0-1"]
[WhiteElo "1000"]
[BlackElo "1147"]
[PlyCount "86"]

1. d4 Nf6 2. e3 g6 3. Nf3 d5 4. c3 Bg7 5. Bd3 Nc6 6. O-O O-O 7. Re1 Re8 8. Nbd2
e5 9. a4 e4 10. Nxe4 dxe4 11. Bb5 exf3 12. Qxf3 Bg4 13. Qf4 a6 14. Bxc6 g5 15.
Qxg5 bxc6 16. e4 Qc8 17. e5 Nd5 18. Re4 Qf5 19. Qxg4 Qxg4 20. Rxg4 Kh8 21. f4
Rg8 22. Bd2 Rab8 23. Rb1 Bh6 24. Rxg8+ Rxg8 25. g3 Ne7 26. Kf2 Nf5 27. Kf3 Bf8
28. Ke4 Nh6 29. Rg1 Ng4 30. Rg2 h5 31. h3 Nh6 32. c4 h4 33. gxh4 Rxg2 34. Bc3
Rh2 35. d5 cxd5+ 36. Kxd5 Nf5 37. e6+ Kg8 38. exf7+ Kxf7 39. Kc6 Nd6 40. b3 Rc2
41. Ba5 Ne8 42. c5 Rxc5+ 43. Kb7 Rxa5 0-1

[Event "Tournoi francophone 019"]
[Site "Skype"]
[Date "????.??.??"]
[Round "6.27"]
[White "Akli, Dimitri"]
[Black "Ruiz Aguilera, Juan Jesus"]
[Result "1/2-1/2"]
[WhiteElo "1000"]
[BlackElo "1116"]
[PlyCount "131"]

1. e4 c6 2. f4 Nf6 3. Nc3 d5 4. d3 d4 5. e5 dxc3 6. exf6 cxb2 7. Bxb2 Qa5+ 8.
Qd2 Qxd2+ 9. Kxd2 exf6 10. Re1+ Kd8 11. Nf3 Bd6 12. g3 Kc7 13. Bd4 Bg4 14. Bg2
c5 15. Bc3 Nc6 16. h3 Bxf3 17. Bxf3 Nd4 18. Ba5+ b6 19. Bxa8 Rxa8 20. Bc3 Nf3+
21. Ke3 Nxe1 22. Rxe1 Re8+ 23. Kf2 Rxe1 24. Kxe1 g5 25. Bd2 gxf4 26. Bxf4 Bxf4
27. gxf4 Kd6 28. c4 Ke6 29. Kf2 Kf5 30. Kf3 a6 31. h4 b5 32. Kg3 b4 33. Kf3 a5
34. Ke3 a4 35. d4 cxd4+ 36. Kxd4 b3 37. axb3 axb3 38. Kc3 b2 39. Kxb2 Ke4 40.
Kc3 f5 41. c5 Kd5 42. Kb4 Kc6 43. h5 f6 44. h6 Kc7 45. Kb5 Kb7 46. Kc4 Kc6 47.
Kd4 Kd7 48. Kd5 Ke7 49. c6 Kd8 50. Kd6 Kc8 51. Ke7 Kc7 52. Kxf6 Kxc6 53. Kg7
Kd5 54. Kxh7 Ke4 55. Kg6 Kxf4 56. h7 Ke4 57. h8=Q f4 58. Qe8+ Kf3 59. Kf5 Kg3
60. Qe5 Kf3 61. Qxf4+ Ke2 62. Ke4 Ke1 63. Ke3 Kd1 64. Kd3 Ke1 65. Qg3+ Kf1 66.
Ke3 1/2-1/2

[Event "Tournoi francophone 019"]
[Site "Skype"]
[Date "????.??.??"]
[Round "6.28"]
[White "Guillaume, Mickael"]
[Black "Wildt, Gerti"]
[Result "1-0"]
[WhiteElo "1126"]
[BlackElo "1067"]
[PlyCount "57"]

1. d4 Nf6 2. c4 e6 3. Nc3 d5 4. e3 c6 5. Bd3 Bd6 6. Nf3 O-O 7. Qc2 g6 8. e4
dxe4 9. Nxe4 Qa5+ 10. Bd2 Qf5 11. Nxd6 Qh5 12. O-O-O Bd7 13. Ne5 Ne8 14. Ndxf7
Nc7 15. Nd6 Rxf2 16. Bxg6 hxg6 17. Nxg6 Rxg2 18. Nf4 Qg5 19. Nxg2 Qxg2 20. Rhg1
Qxg1 21. Rxg1+ Kf8 22. Bh6+ Ke7 23. Nc8+ Bxc8 24. Qh7+ Kd6 25. Bf4+ e5 26.
Bxe5+ Ke6 27. Qg6+ Kd7 28. Qf7+ Kd8 29. Rg8+ 1-0

[Event "Tournoi francophone 019"]
[Site "Skype"]
[Date "????.??.??"]
[Round "6.29"]
[White "Codina, Teresa"]
[Black "Vincent, Andre"]
[Result "0-1"]
[WhiteElo "1274"]
[BlackElo "1332"]
[PlyCount "40"]

1. d4 d5 2. Nf3 Nf6 3. b3 c6 4. Bb2 e6 5. a3 Bd6 6. e3 Nbd7 7. Bd3 Qc7 8. O-O
e5 9. dxe5 Nxe5 10. Nbd2 Ned7 11. Re1 O-O 12. Rc1 Re8 13. c4 Qb8 14. cxd5 cxd5
15. Nd4 Bxh2+ 16. Kh1 Be5 17. N2f3 Ng4 18. Nxe5 Ndxe5 19. g3 Nxd3 20. Qxd3
Nxf2+ 0-1

[Event "Tournoi francophone 019"]
[Site "Skype"]
[Date "????.??.??"]
[Round "6.30"]
[White "Trapletti, Cosetta"]
[Black "Tolaro, Filippa"]
[Result "0-1"]
[WhiteElo "1138"]
[BlackElo "1048"]
[PlyCount "75"]

1. d4 d5 2. c4 Nf6 3. Nc3 c6 4. a4 Bf5 5. e3 e6 6. Nf3 Bb4 7. Qb3 Qb6 8. c5
Bxc3+ 9. Qxc3 Qc7 10. Be2 Nbd7 11. O-O O-O 12. a5 a6 13. b4 Ne4 14. Qc2 Nexc5
15. Qc3 Ne4 16. Qb3 b5 17. axb6 Qxb6 18. Bd3 a5 19. Bd2 Nxd2 20. Nxd2 Bxd3 21.
Qxd3 axb4 22. Rxa8 Rxa8 23. Re1 Ra3 24. Nb3 Qa6 25. Qd1 f5 26. f3 Qc4 27. e4
Qxb3 28. Qc1 Qc3 29. Qe3 Qxe3+ 30. Rxe3 Rxe3 31. Kf2 Rc3 32. Ke2 b3 33. Kd2
Rc2+ 34. Kd1 Nb6 35. exd5 Nxd5 36. g3 Ne3+ 37. Ke1 b2 38. h3 0-1

[Event "Tournoi francophone 019"]
[Site "Skype"]
[Date "????.??.??"]
[Round "6.31"]
[White "Hargez, Dany"]
[Black "Cassano, Mariangela"]
[Result "1-0"]
[WhiteElo "1296"]
[BlackElo "1000"]
[PlyCount "43"]

1. e4 e5 2. Nf3 d6 3. Bc4 c5 4. Nc3 Nf6 5. d3 b6 6. Bd5 Nxd5 7. Nxd5 Bb7 8. Bg5
Be7 9. Bxe7 Qxe7 10. Nxe7 Kxe7 11. Qd2 Nc6 12. Qg5+ Kf8 13. c3 Nd8 14. d4 exd4
15. cxd4 cxd4 16. Nxd4 Bxe4 17. O-O Ne6 18. Nxe6+ fxe6 19. Rae1 d5 20. f3 Rd8
21. fxe4+ Kg8 22. Qxd8# 1-0

[Event "Tournoi francophone 019"]
[Site "Skype"]
[Date "????.??.??"]
[Round "6.32"]
[White "Fabre, Gregory"]
[Black "Schnell, Nicolas"]
[Result "1-0"]
[WhiteElo "1000"]
[BlackElo "1035"]
[PlyCount "49"]

1. e4 e5 2. Nc3 Nf6 3. d4 Nc6 4. d5 Ne7 5. Nf3 Ng6 6. b3 Bb4 7. Bb2 d6 8. a3
Bc5 9. Qd3 O-O 10. O-O-O Nf4 11. Qc4 Ng4 12. Rd2 Bd7 13. h3 Nf6 14. g3 Ng6 15.
b4 b5 16. Qd3 a6 17. bxc5 dxc5 18. Ne2 c4 19. Qe3 c6 20. dxc6 Nd5 21. Rxd5 Qb8
22. Rxd7 Rd8 23. Qd2 f5 24. Qd5+ Kf8 25. Qf7# 1-0

[Event "Tournoi francophone 019"]
[Site "Skype"]
[Date "????.??.??"]
[Round "6.33"]
[White "Hampton, Irene"]
[Black "Dida, Brahim"]
[Result "0-1"]
[WhiteElo "1000"]
[BlackElo "1000"]
[PlyCount "104"]

1. d4 d5 2. Bf4 Nf6 3. Nc3 a6 4. e3 Nh5 5. Be5 Nd7 6. h4 Nxe5 7. dxe5 e6 8. Nf3
c5 9. Be2 Nf6 10. O-O Ng4 11. Qd2 f6 12. h5 fxe5 13. Nh2 Nxh2 14. Kxh2 e4 15.
Nxe4 dxe4 16. Qxd8+ Kxd8 17. Rfd1+ Bd7 18. Bg4 Ke8 19. Rd2 g6 20. Kg3 gxh5 21.
Bxh5+ Ke7 22. c4 Rg8+ 23. Kh2 Rg5 24. Be2 h5 25. g3 e5 26. Rad1 Rd8 27. a3 b5
28. Rc2 Bg4 29. Bxg4 hxg4 30. Rcc1 Rxd1 31. Rxd1 Rf5 32. Kg2 Bh6 33. Re1 Rf3
34. cxb5 axb5 35. Re2 b4 36. a4 Kd7 37. b3 Kd6 38. a5 Kc6 39. a6 Rf7 40. Ra2
Ra7 41. Kf1 Kb5 42. Ke2 c4 43. Rb2 cxb3 44. Rxb3 Rxa6 45. Kf1 Ra3 46. Rb2 b3
47. Kg2 Kb4 48. Re2 Ra2 49. Kf1 b2 50. Re1 Ra1 51. Ke2 Rxe1+ 52. Kxe1 b1=Q+ 0-1

[Event "Tournoi francophone 019"]
[Site "Skype"]
[Date "????.??.??"]
[Round "7.1"]
[White "Caputi, Giuliano"]
[Black "Lambert, Pierre"]
[Result "1-0"]
[WhiteElo "1638"]
[BlackElo "1660"]
[PlyCount "99"]

1. d4 Nf6 2. Nf3 d6 3. c4 g6 4. Nc3 Bg7 5. g3 O-O 6. Bg2 Nbd7 7. e4 c5 8. O-O
cxd4 9. Nxd4 Ne5 10. b3 Bd7 11. Bb2 Qb6 12. Qd2 Qa5 13. Rad1 Rac8 14. h3 Nc6
15. Nxc6 bxc6 16. Nd5 Qxd2 17. Nxf6+ Bxf6 18. Rxd2 Bxb2 19. Rxb2 Kg7 20. Rd2
Rb8 21. f4 Rfd8 22. Rfd1 c5 23. e5 Rb6 24. exd6 e6 25. g4 a5 26. Be4 a4 27. Bc2
axb3 28. axb3 Ra8 29. Kf2 Rba6 30. g5 Ra1 31. h4 Rxd1 32. Bxd1 Kf8 33. Ke3 Bc6
34. Bf3 Bxf3 35. Kxf3 Ke8 36. Ke4 Kd7 37. Ke5 Ra1 38. h5 gxh5 39. Rh2 Re1+ 40.
Kf6 Re4 41. Kxf7 Rxf4+ 42. Kg7 Kxd6 43. Kxh7 Ke7 44. g6 e5 45. g7 Rf7 46. Rxh5
Kf6 47. Rh6+ Kg5 48. Rg6+ Kf5 49. Rg1 Ke6 50. Kh8 1-0

[Event "Tournoi francophone 019"]
[Site "Skype"]
[Date "????.??.??"]
[Round "7.2"]
[White "Gadow, Martin"]
[Black "Deville, Olivier"]
[Result "0-1"]
[WhiteElo "1342"]
[BlackElo "1751"]
[PlyCount "50"]

1. d4 Nf6 2. Bf4 g6 3. e3 Bg7 4. Nf3 d6 5. Bd3 Nbd7 6. Nbd2 c5 7. c3 b6 8. e4
Qc7 9. Rb1 Bb7 10. Qe2 O-O 11. d5 Nh5 12. Be3 a6 13. b4 b5 14. O-O Bxc3 15. Nd4
cxd4 16. Bh6 Rfe8 17. Nf3 Ne5 18. Nxe5 dxe5 19. f4 Nxf4 20. Bxf4 exf4 21. e5
Qxe5 22. Qxe5 e6 23. Qxf4 f5 24. Rf3 e5 25. Rh3 exf4 0-1

[Event "Tournoi francophone 019"]
[Site "Skype"]
[Date "????.??.??"]
[Round "7.3"]
[White "Rochette, Mathieu"]
[Black "Vasquez Cienfuegos, Oscar"]
[Result "1-0"]
[WhiteElo "1603"]
[BlackElo "1389"]
[PlyCount "52"]

1. e4 d6 2. d4 Nf6 3. Nc3 Nc6 4. h3 g6 5. f4 Bg7 6. Nf3 e6 7. e5 Nd7 8. Bd3 Nb6
9. O-O O-O 10. Be3 Nb4 11. Be2 N4d5 12. Nxd5 Nxd5 13. Bd2 dxe5 14. fxe5 b6 15.
Qc1 Bb7 16. Bh6 Ne7 17. c3 Rc8 18. Nh4 Nd5 19. Nf3 c5 20. Qd2 cxd4 21. Nxd4 Qh4
22. Bxg7 Kxg7 23. Bf3 Qh6 24. Qf2 Qe3 25. Qxe3 Nxe3 26. Bxb7 Rb8 1-0

[Event "Tournoi francophone 019"]
[Site "Skype"]
[Date "????.??.??"]
[Round "7.4"]
[White "Abdulrazzaq, Mohsen"]
[Black "Scata, Laura"]
[Result "1-0"]
[WhiteElo "1346"]
[BlackElo "1370"]
[PlyCount "107"]

1. e4 c6 2. d4 d5 3. Nc3 dxe4 4. Nxe4 Nd7 5. Bd3 Ngf6 6. Ng3 e6 7. Bf4 Nb6 8.
Nf3 Bd6 9. Bxd6 Qxd6 10. O-O O-O 11. c3 Nbd5 12. Re1 b6 13. c4 Nb4 14. Bb1 Rd8
15. a3 Na6 16. Qd3 c5 17. Ne4 Qf4 18. Nxf6+ Qxf6 19. d5 g6 20. Qe3 Qxb2 21. Be4
Rb8 22. Qf4 Bb7 23. Ne5 f5 24. Bf3 exd5 25. cxd5 Rbc8 26. Qc4 Rd6 27. Ra2 Qd4
28. Qe2 Bxd5 29. Qxa6 Rcd8 30. Bxd5+ Qxd5 31. Qc4 Re8 32. Qxd5+ Rxd5 33. Nf3
Kf7 34. Kf1 Red8 35. Rae2 Kf8 36. Ng5 Kg8 37. Re8+ Rxe8 38. Rxe8+ Kg7 39. Re7+
Kh6 40. Nf3 a6 41. Re6 Rd3 42. Rxb6 Rxa3 43. Rc6 Ra5 44. Ne5 c4 45. Nxc4 Ra1+
46. Ke2 Rc1 47. Kd2 Rh1 48. h3 Rh2 49. Ne3 Rh1 50. Nd1 Rh2 51. g3 Rxh3 52. Rxa6
Kg5 53. f4+ Kg4 54. Nf2+ 1-0